000 00748nam a2200229 a 4500
001 BRCA_1883
005 20190320203604.0
008 130608s1950----mx-a---###---#000-0#spa-#
041 _aspa
044 _amx
050 4 _aN910.M43
_b.C37 1950
100 1 _aCarrillo y Gariel, Abelardo
_91363
245 1 0 _aLas galerías de San Carlos
_cAbelardo Carrillo y Gariel.
260 _aMéxico
_bEdiciones Mexicanas
_c1950
300 _a53 p.
_bil.
_c24 cm.
440 0 _aEnciclopedia mexicana de arte
_v6
_95824
500 _aIncluye ilustraciones al final, [48] p.
610 2 4 _aMuseo Nacional de San Carlos (Ciudad de México)
_xColecciones de arte
_95825
650 1 4 _aPintores mexicanos
_94220
650 1 4 _aPintores europeos
_93990
942 _2lcc
_cB
999 _c1660
_d1660